La naissance du judaïsme - 6ème - Statistiques

Statistiques générales
  • Ce quiz a été pris 305 fois
  • Le résultat moyen est 6 sur 10
Statistiques - réponses
Question Réponse % Correct
Comment se nomme le deuxième grand patriarche des Hébreux qui, dans la Bible, leur permet de sortir d'Égypte pour rejoindre la Terre Promise ? Moïse.
89%
Comment appelle-t-on la personne qui dirige une communauté de croyants juifs ? Le rabbin.
83%
Par quelle puissance étrangère le royaume de Juda est-il conquis au VIème siècle av. notre ère ? L'empire babylonien.
81%
Quel est le premier personnage à l'origine du peuple hébreux ? Abraham.
80%
Comment se nomment les deux royaumes hébreux fondés au IXème siècle av. notre ère ? Royaumes d'Israël et de Juda.
78%
Qu'arrive-t-il aux Hébreux après cette défaite militaire ? Ils sont déportés dans une autre région.
58%
Quel roi historique du royaume de Juda impose le monothéisme au VIIème siècle av. J-C. Le roi Josias.
54%
Quel récit littéraire est le principal recueil d'informations sur les origines des hébreux ? La Bible.
45%
Qu'est-ce que la Torah ? Les 5 premiers livres de la Bible Hébraïque.
39%
La Bible peut-elle être considérée comme une source historique ? Non.
28%
Aucun quiz correspondant
Distribution des résultats
% des personnes avec chaque résultat
Percentile par nombre de réponses
Votre historique - résultats
Vous n’avez pas pris ce quiz